Statistics for Top 10 Biggest Countries (Land Area)

Click here to take the quiz!

General Stats

  • This quiz has been taken 460 times
  • The average score is 9 of 10

Answer Stats

Rank Country % Correct
1Russia
100%
2Canada
99%
3USA
99%
4China
97%
5Brazil
97%
6`Australia
94%
7India
92%
8Argentina
84%
10Algeria
66%
9Kazakhstan
63%

Score Distribution

Percentile by Number Answered

Percent of People with Each Score

Your Score History

You have not taken this quiz